000 00622nam a22002057a 4500
999 _c10067
_d10067
003 AR-CdUCM
008 190329b ||||| |||| 00| 0 spa d
020 _a978-84-9825-463-1
040 _aMUNICIPALIDAD PROVINCIAL DEL CUSCO
_cBIBLIOTECA MUNICIPAL DEL CUSCO
082 _aPI-0121 /
_bCHA / fau
100 _aCharbon, Ella
_926706
245 _aFauna de pegatinas /
260 _aBarcelona :
_bCombel,
_c2009.
300 _bpegatinas,
_c21 cm.
500 _aNo cuenta con numeración impresa.
650 _aMaterial didáctico
_910701
650 _aMaterial infantil
_926707
942 _2ddc
_cLIBROS
945 _araen